000 00252nam a22000857a 4500
008 160718b xxu||||| |||| 00| 0 eng d
100 _92976
_a Irving
245 _aRip Van Winkle and the Legend of Sleepy Hollow
260 _aNew Delhi
_bOrient Publication
_c2002
999 _c2539
_d2539